The soul of India / (Record no. 22428)

MARC details
000 -LEADER
fixed length control field 00856cam a22002771a 4500
001 - CONTROL NUMBER
control field 6077797
003 - CONTROL NUMBER IDENTIFIER
control field BDDh-ASL
005 - DATE AND TIME OF LATEST TRANSACTION
control field 20231015030130.0
008 - FIXED-LENGTH DATA ELEMENTS--GENERAL INFORMATION
fixed length control field 930323s1960 e b 001 0 eng
010 ## - LIBRARY OF CONGRESS CONTROL NUMBER
LC control number 59010578
035 ## - SYSTEM CONTROL NUMBER
System control number (OCoLC)27779762
040 ## - CATALOGING SOURCE
Original cataloging agency DLC
Transcribing agency KU
Modifying agency ODaWU
-- OCoLC
-- FM
-- DLC
-- BDDh-ASL
042 ## - AUTHENTICATION CODE
Authentication code premarc
050 00 - LIBRARY OF CONGRESS CALL NUMBER
Classification number DS421
Item number .R55
082 ## - DEWEY DECIMAL CLASSIFICATION NUMBER
Classification number 954.001
Item number RIS
100 1# - MAIN ENTRY--PERSONAL NAME
Personal name De Riencourt, Amaury,
Dates associated with a name 1918-
245 14 - TITLE STATEMENT
Title The soul of India /
Statement of responsibility, etc. Amaury de Riencourt.
250 ## - EDITION STATEMENT
Edition statement 1st ed.
260 ## - PUBLICATION, DISTRIBUTION, ETC.
Place of publication, distribution, etc. New York :
-- London:
Name of publisher, distributor, etc. Harper & Bros.,
-- Jonathan Cape,
Date of publication, distribution, etc. c1960.
-- 1961.
300 ## - PHYSICAL DESCRIPTION
Extent xvi, 431 p. :
Dimensions 22 cm.
504 ## - BIBLIOGRAPHY, ETC. NOTE
Bibliography, etc. note Includes bibliographical references and index.
651 #0 - SUBJECT ADDED ENTRY--GEOGRAPHIC NAME
Geographic name India
General subdivision Civilization.
651 #0 - SUBJECT ADDED ENTRY--GEOGRAPHIC NAME
Geographic name India
General subdivision History
-- Philosophy.
906 ## - LOCAL DATA ELEMENT F, LDF (RLIN)
a 7
b cbc
c oclcrpl
d u
e ncip
f 19
g y-gencatlg
942 ## - ADDED ENTRY ELEMENTS (KOHA)
Source of classification or shelving scheme Dewey Decimal Classification
Koha item type Books
Holdings
Withdrawn status Lost status Source of classification or shelving scheme Damaged status Not for loan Collection code Home library Current library Shelving location Date acquired Source of acquisition Total Checkouts Full call number Barcode Date last seen Copy number Price effective from Koha item type Public note
    Dewey Decimal Classification     Non-fiction Asiatic Society Library Asiatic Society Library General Stacks 02/27/2021 ASB Library Collections   954.001 RIS 106674 02/27/2021 C-1 02/27/2021 Books RARE
    Dewey Decimal Classification     Non-fiction Asiatic Society Library Asiatic Society Library General Stacks 02/27/2021 ASB Library Collections   954.001 RIS 106700 02/27/2021 C-2 02/27/2021 Books RARE

Powered by Koha